| 000 | 00485nam a2200181 a 4500 | ||
|---|---|---|---|
| 001 | 850 | ||
| 003 | CDMR | ||
| 005 | 20130320131559.0 | ||
| 008 | 130130s1995||||||||||||||||||||||||||||d | ||
| 020 | _a8488791267 | ||
| 040 |
_aCDMR _bcat _cCDMR |
||
| 100 | 1 |
_aSentís, Carles _9107 |
|
| 245 | 1 | 3 |
_aEl Procés de Nuremberg _cCarles Sentís |
| 260 |
_aBarcelona _c1995 _bLa Campana |
||
| 490 | 0 |
_aLa Campana _v107 |
|
| 740 | 3 | _aEl Procés de Nuremberg viscut per Carles Sentís | |
| 942 |
_cMON _2udc |
||
| 999 |
_c850 _d850 |
||